Faithlines : (Record no. 185417)
[ view plain ]
| 000 -LEADER | |
|---|---|
| fixed length control field | 01409 a2200265 4500 |
| 003 - CONTROL NUMBER IDENTIFIER | |
| control field | NUST |
| 005 - DATE AND TIME OF LATEST TRANSACTION | |
| control field | 20221208182054.0 |
| 010 ## - LIBRARY OF CONGRESS CONTROL NUMBER | |
| LC control number | 2002280383 |
| 020 ## - INTERNATIONAL STANDARD BOOK NUMBER | |
| International Standard Book Number | 0195796330 |
| 035 ## - SYSTEM CONTROL NUMBER | |
| System control number | (OCoLC)ocm48468567 |
| 040 ## - CATALOGING SOURCE | |
| Transcribing agency | Nust |
| 082 ## - DEWEY DECIMAL CLASSIFICATION NUMBER | |
| Classification number | 297.5,HAS |
| 100 1# - MAIN ENTRY--PERSONAL NAME | |
| Personal name | Hassan, Riaz, |
| 9 (RLIN) | 104509 |
| 245 10 - TITLE STATEMENT | |
| Title | Faithlines : |
| Remainder of title | Muslim conceptions of Islam and society / |
| Statement of responsibility, etc. | Riaz Hassan. |
| 260 ## - PUBLICATION, DISTRIBUTION, ETC. | |
| Place of publication, distribution, etc. | Karachi : |
| Name of publisher, distributor, etc. | Oxford University Press, |
| Date of publication, distribution, etc. | 2002. |
| 300 ## - PHYSICAL DESCRIPTION | |
| Extent | xviii, 276 p. ; |
| Dimensions | 23 cm. |
| 505 ## - FORMATTED CONTENTS NOTE | |
| Formatted contents note | Introduction: Social Reality of the Islamic World (Page-1), Muslim Piety Religious Commitment in Muslim Societies (Page-39), The Islamic Ummah Myth or Reality (Page-84), The Self-Image of Islam (Page-115), Islamic State Political Organization and Islamic Institutions (Page-146), Gender Roles Islamic Determinism or Social Construction (Page-167), Attitudes Towards Veiling and Patriarchy (Page-188), Muslim Perceptions of the Other (Page-209), Conclusions Islamic Futures (Page-223). |
| 650 #0 - SUBJECT ADDED ENTRY--TOPICAL TERM | |
| Topical term or geographic name entry element | Islam and social problems. |
| 9 (RLIN) | 291 |
| 650 #0 - SUBJECT ADDED ENTRY--TOPICAL TERM | |
| Topical term or geographic name entry element | Islamic sociology. |
| 9 (RLIN) | 37462 |
| 650 #0 - SUBJECT ADDED ENTRY--TOPICAL TERM | |
| Topical term or geographic name entry element | Muslims |
| General subdivision | Attitudes. |
| 9 (RLIN) | 104510 |
| 856 42 - ELECTRONIC LOCATION AND ACCESS | |
| Materials specified | Book review (H-Net) |
| Uniform Resource Identifier | <a href="http://www.h-net.org/review/hrev-a0c7y3-aa">http://www.h-net.org/review/hrev-a0c7y3-aa</a> |
| 856 42 - ELECTRONIC LOCATION AND ACCESS | |
| Materials specified | Publisher description |
| Uniform Resource Identifier | <a href="http://www.loc.gov/catdir/enhancements/fy0639/2002280383-d.html">http://www.loc.gov/catdir/enhancements/fy0639/2002280383-d.html</a> |
| 856 42 - ELECTRONIC LOCATION AND ACCESS | |
| Materials specified | Table of contents only |
| Uniform Resource Identifier | <a href="http://www.loc.gov/catdir/toc/fy022/2002280383.html">http://www.loc.gov/catdir/toc/fy022/2002280383.html</a> |
| 942 ## - ADDED ENTRY ELEMENTS (KOHA) | |
| Source of classification or shelving scheme | |
| Koha item type | Book |
| Call number prefix | 297.5,HAS |
| Withdrawn status | Lost status | Source of classification or shelving scheme | Damaged status | Not for loan | Permanent Location | Current Location | Shelving location | Date acquired | Full call number | Barcode | Date last seen | Price effective from | Koha item type | Public note |
|---|---|---|---|---|---|---|---|---|---|---|---|---|---|---|
| Military College of Signals (MCS) | Military College of Signals (MCS) | General Stacks | 12/12/2016 | 297.5,HAS | MCS30740 | 12/08/2016 | 12/12/2016 | Book | Almirah No.47, Shelf No.4 |
